Groups of 5: UK trivia - Statistics

General Stats
  • This quiz has been taken 207 times
  • The average score is 21 of 40
Answer Stats
Answer % Correct
London
97%
Manchester
96%
Manchester
96%
Birmingham
94%
Liverpool
84%
Leeds
81%
Thames
78%
English
75%
Elizabeth II
73%
London-Heathrow
73%
Football
70%
Theresa May
66%
Tony Blair
64%
David Cameron
63%
Rugby
63%
London-Gatwick
60%
Severn
58%
Cricket
57%
George V
56%
George VI
54%
Gordon Brown
54%
Edward VII
48%
Tennis
45%
Polish
43%
John Major
42%
Edward VIII
39%
London-Luton
36%
North Yorkshire
36%
London-Stansted
33%
Urdu
33%
Devon
31%
Cumbria
30%
Punjabi
28%
Trent
22%
Lincolnshire
20%
Norfolk
17%
Bengali
16%
Swimming
14%
Great Ouse
13%
Wye
11%
No matching quizzes found
Score Distribution
Percent of People with Each Score
Percentile by Number Answered
Your Score History
You have not taken this quiz